Statistics for 1966 FIFA World Cup Results

Click here to take the quiz!

General Stats

  • This quiz has been taken 120 times
  • The average score is 13 of 16

Answer Stats

Nation % Correct
West Germany
97%
England
96%
Brazil
94%
Argentina
91%
France
90%
Portugal
87%
Italy
86%
Mexico
84%
Uruguay
83%
Soviet Union
81%
Spain
80%
Chile
76%
Hungary
71%
North Korea
64%
Switzerland
61%
Bulgaria
40%

Score Distribution

Percentile by Number Answered

Percent of People with Each Score

Your Score History

You have not taken this quiz